| 000 | 00492 a2200169 4500 | ||
|---|---|---|---|
| 003 | Nust | ||
| 005 | 20170207170502.0 | ||
| 020 | _a9780393073478 | ||
| 040 | _cNust | ||
| 082 | _a401 | ||
| 100 | _aGraff, Gerald | ||
| 245 |
_aThey say / I say: the moves that matter in academic writing (EBOOK) _cGerald Graff, Cathy Birkenstein. |
||
| 260 |
_aNew York _bW. W. Norton _c2007 |
||
| 300 | _a181 P. | ||
| 650 | _aEnglish language—Rhetoric—Handbooks, manuals | ||
| 651 | _aReport writing—Handbooks | ||
| 942 |
_2ddc _cBK |
||
| 999 |
_c215102 _d215102 |
||